000 00949nam a2200277 a 4500
999 _c5258
_d5258
001 5258
003 BD-JhCC
005 20180421182532.0
008 171211s1968 mau b 001 0 eng d
035 _a(BD-JhCC)5258
040 _aDLC
_cDLC
_dm.c
_dBD-JhCC
041 _aeng
050 0 _aHC440.5
_b.P38
082 _a338.9549
_bPAP 1967
100 1 _aPapanek, Gustav Fritz.
245 1 0 _aPakistan's development :
_bsocial goals and private incentives /
_cGustav F. Papanek.
260 _aCambridge, Mass :
_bHarvard University Press,
_c1967.
300 _axxii, 354 p. ;
_c22 cm.
500 _a"Written under the auspices of the Center for International Affairs, Harvard University."
504 _aIncludes bibliography( p. [337]-350) and index.
651 0 _aPakistan
_xEconomic conditions.
651 0 _aPakistan
_xEconomic policy.
710 2 _aHarvard University.
_bCenter for International Affairs.
942 _2ddc
_cBK